000
00290nam a22001337a 4500
008
170426b xxu||||| |||| 00| 0 eng d
020
_a
9781118933886
041
_a
eng
080
_2
2ND
_a
547
100
_a
12
101
_a
SHM
245
_a
ORGANIC CHEMISTRY
_c
KLEIN, D
942
_2
udc
_c
BK
999
_c
12155
_d
12155